Missing 'S' Acronyms Quiz Stats

Quiz Updated Apr 11, 2014

Challenge
Share
Tweet
Embed
Score 0/35 Timer 05:00
0 Plays Today
% Correct
Stars
92%
Stress
92%
Saving
91.3%
Scene
90.4%
Strings
89.8%
Social
89.6%
Soviet
89.4%
Sports
89.1%
Space
88.3%
Supreme
87.7%
Silent
87.6%
Service
87%
Safe
86.3%
Sun
85.8%
Safety
81.6%
Scriptum
80.8%
Steroidal
80.6%
Shopping
79.5%
% Correct
Stock
75.7%
Stone
74.4%
Severe
72.8%
System
70.3%
Seasonal
69.5%
Surface
68.7%
Ship
65%
Security
63%
Scientific
59.4%
Satellite
49%
Standardization
48.6%
Securities
44.6%
Screen
43.4%
Short
38.1%
Software
30.9%
Subscriber
27.1%
Serial
21.8%

You're not logged in!

Compare scores with friends on all Sporcle quizzes.
Sign Up with Email
OR
Log In

You Might Also Like...

Show Comments

Extras

Top Quizzes Today


Score Distribution

Your Account Isn't Verified!

In order to create a playlist on Sporcle, you need to verify the email address you used during registration. Go to your Sporcle Settings to finish the process.

Report this User

Report this user for behavior that violates our Community Guidelines.

Details: